LEADER 00872nam0 2200241 450 001 000001185 005 20050630115300.0 010 $a88-7153-301-1 100 $a--------d1993----km-y0itay50------ba 101 $aita 102 $aIT 200 1 $aFondi strutturali e direttive comunitarie$euna sfida per il sistema Italia$fANIDE, Associazione Nazionale per l'informazione e la Documentazione Europea 210 $aRoma$cSIPI$d1993 215 $a111 p.$d24 cm 610 1 $aUnione europea$aFinanziamenti 610 1 $aComunità economica europea$aDirettive 676 $a341.242 710 02$aAssociazione Nazionale per l'informazione e la Documentazione Europea$0267883 801 0$aIT $bUNIPARTHENOPE $gRICA $2UNIMARC 912 $a000001185 951 $cNAVA1$a341-F/1$b32352$d20000410 996 $aFondi strutturali e direttive comunitarie$91223270 997 $aUNIPARTHENOPE LEADER 00923nam a2200277 i 4500 001 991001108299707536 005 20020507183419.0 008 961205s1966 us ||| | eng 035 $ab10802034-39ule_inst 035 $aLE01307154$9ExL 040 $aDip.to Matematica$beng 082 0 $a517 084 $aAMS 26-01 084 $aAMS 26-XX 100 1 $aFlett, T. M.$055641 245 10$aMathematical analysis /$cT. M. Flett, Sc.D 260 $aNew York :$bMcGraw-Hill,$cc1966 300 $aix, 439 p. :$bill. ;$c24 cm 500 $aBibliography: p. 431-432 650 0$aMathematical analysis 907 $a.b10802034$b18-04-13$c28-06-02 912 $a991001108299707536 945 $aLE013 26-XX FLE11 (1966)$g1$i2013000067049$lle013$o-$pE0.00$q-$rl$s- $t0$u0$v0$w0$x0$y.i1090623x$z28-06-02 996 $aMathematical Analysis$9346015 997 $aUNISALENTO 998 $ale013$b01-01-96$cm$da $e-$feng$gus $h0$i1